000 00738nam a2200229 i 4500
001 bg
245 0 0 _aProgramowanie obrabiarek CNC :
_btoczenie.
260 _aWarszawa :
_bWydawnictwo Rea ;
_aBerlin :
_bMTS Mathematisch Technische Software-Entwicklung,
_c[2003].
300 _a202 s. :
_bil. ;
_c30 cm.
650 9 _aTokarka sterowana numerycznie
_xoprogramowanie
655 _aPodręczniki dla szkół zawodowych
015 _aPB 7517/2007
020 _a8371412088
040 _cBPK
041 0 _apol
044 _aPOL
080 _a621.941.06-52(075.3-021.66)
920 _a83-7141-208-8 (Rea)
942 _cKS
008 061205s2003 pl a f |000 0 pol
999 _c54602
_d54602
856 _uhttp://koha.tu.koszalin.pl/cgi-bin/koha/opac-detail.pl?biblionumber=54602
_yKatalog online BPK